اردو زبا ن اور لسا نيا ت (Record no. 2071)

MARC details
000 -LEADER
fixed length control field 00954 a2200229 4500
005 - DATE AND TIME OF LATEST TRANSACTION
control field 20081010112531.0
008 - FIXED-LENGTH DATA ELEMENTS--GENERAL INFORMATION
fixed length control field 081010t xxu||||| |||| 00| 0 urd d
010 ## - LCCN (DPL NO)
LC control number UR-7294
020 ## - INTERNATIONAL STANDARD BOOK NUMBER
International Standard Book Number 8187113890
Terms of availability 450.00
035 ## - SYSTEM CONTROL NUMBER
System control number U-5849
037 ## - SOURCE OF ACQUISITION
Source of stock number/acquisition D.B.Act /pub
082 ## - DEWEY DECIMAL CLASSIFICATION NUMBER
Classification number 440
100 ## - MAIN ENTRY--PERSONAL NAME
Personal name نا رنگ گو پی چند
245 ## - TITLE STATEMENT
Title اردو زبا ن اور لسا نيا ت
Statement of responsibility, etc گوپی چند نا ر نگ
246 ## - VARYING FORM OF TITLE
Title proper/short title Urdu zabaan aur Lisaaniyaat
Remainder of title by gopi chand Narang
260 ## - PUBLICATION, DISTRIBUTION, ETC. (IMPRINT)
Place of publication, distribution, etc رامپور
Name of publisher, distributor, etc وقار الحسن صد يقی ،رضا لايبر يری
Date of publication, distribution, etc 2006
270 ## - ADDRESS
Address افسر بکا ر خاص ،رامپور رضا لا يبر يری
City رامپور
State or province يوپی
Postal code 244901
300 ## - PHYSICAL DESCRIPTION
Extent 437 ص
Dimensions 22cm /(Hb)
650 ## - SUBJECT ADDED ENTRY--TOPICAL TERM
Topical term or geographic name as entry element لسا نيا ت
942 ## - ADDED ENTRY ELEMENTS (KOHA)
Institution code [OBSOLETE] dpl
Item type Urdu Bks
Source of classification or shelving scheme Dewey Decimal Classification
Classification part 440
Call number suffix ن ا ر
Holdings
Withdrawn status Lost status Source of classification or shelving scheme Damaged status Not for loan Collection code Home library Current library Date acquired Cost, normal purchase price Total Checkouts Full call number Barcode Date last seen Copy number Cost, replacement price Koha item type
    Dewey Decimal Classification   Not For Loan Non-fiction D.B.Act.Division D.B.Act.Division   450.00   440 ن ا ر U-5849 15/09/2008 1 450.00 Urdu Bks

© Delhi Public Library
Hit Counter
free hit counter